000 00816pam a2200277 i 4500
001 3244621
003 OSt
005 20230703154033.0
008 800718s1980 cau b 000 0 eng
010 _a 80019896
020 _a0933782020 (pbk.)
040 _aDLC
_cDLC
_dDLC
041 1 _aengper
043 _aa-ir---
082 0 0 _a342.55
_bIRA
110 1 _aIran.
240 1 0 _aQānūn-i Asāsī (1979).
_lEnglish
245 1 0 _aConstitution of the Islamic Republic of Iran /
_ctranslated from the Persian by Hamid Algar.
260 _aBerkeley, [Calif.] :
_bMizan Press,
_c1980.
300 _a94 p. ;
_c22 cm.
504 _aIncludes bibliographical references.
650 0 _aConstitutional law
_zIran.
700 1 _aAlgar, Hamid.
906 _a7
_bcbc
_corignew
_d1
_eocip
_f19
_gy-gencatlg
942 _2ddc
_cBK
999 _c3453
_d3453